Carregant...

General topology /

Dades bibliogràfiques
Autor principal: Willard, Stephen
Format: Printed Book
Idioma:English
Publicat: Mineola, N.Y. : Dover Publications, 2004.
Matèries:
Accés en línia:Publisher description
LEADER 01081cam a22002414a 4500
008 031126r20041970nyua b 001 0 eng
999 |c 334249  |d 334249 
010 |a  2003068793 
020 |a 0486434796 (pbk.) 
042 |a pcc 
082 0 0 |a 514  |2 22 
100 1 |a Willard, Stephen, 
245 1 0 |a General topology /  |c Stephen Willard. 
260 |a Mineola, N.Y. :  |b Dover Publications,  |c 2004. 
300 |a xii, 369 p. :  |b ill. ;  |c 24 cm. 
500 |a Originally published: Reading, Mass. : Addison-Wesley, 1970, in series: Addison-Wesley series in mathematics. 
504 |a Includes bibliographical references (p. 323-344) and index. 
650 0 |a Topology. 
856 4 2 |3 Publisher description  |u http://www.loc.gov/catdir/enhancements/fy0615/2003068793-d.html 
942 |c BK 
906 |a 7  |b cbc  |c orignew  |d 1  |e ocip  |f 20  |g y-gencatlg 
955 |a pc15 2003-11-26 to ASCD  |i jp18 2003-11-28 to SL  |a aa07 2003-12-03  |a pv21 2004-05-14 to Cip ver  |a jp00 2004-05-19 
952 |0 0  |1 0  |2 ddc  |4 0  |6 514_000000000000000  |7 0  |9 382179  |a MAT  |b MAT  |c ST1  |d 2019-04-17  |i 7404  |l 0  |o 514  |p MAT7404  |r 2019-04-17  |w 2019-04-17  |y BK